L'art arabe / (Record no. 68657)

MARC details
000 -LEADER
campo de control de longitud fija 00688nam a2200217 i 4500
001 - NÚMERO DE CONTROL
campo de control 68657
003 - IDENTIFICADOR DE NÚMERO DE CONTROL
campo de control ES-MaACL
005 - FECHA Y HORA DE LA ÚLTIMA TRANSACCIÓN
campo de control 20250812034402.0
007 - CAMPO FIJO DE DESCRIPCIÓN FÍSICA--INFORMACIÓN GENERAL
campo de control de longitud fija t|
008 - DATOS DE LONGITUD FIJA--INFORMACIÓN GENERAL
campo de control de longitud fija 960813s1893 fr ||||1| fre d
040 ## - FUENTE DE CATALOGACIÓN
Centro catalogador/agencia de origen CAM
Lengua de catalogación spa
Centro/agencia transcriptor CAM
100 1# - ENTRADA PRINCIPAL--NOMBRE DE PERSONA
Nombre de persona Gayet, Albert.
9 (RLIN) 56145
245 12 - MENCIÓN DEL TÍTULO
Título L'art arabe /
Mención de responsabilidad, etc. par Al. Gayet.
260 ## - PUBLICACIÓN, DISTRIBUCIÓN, ETC.
Lugar de publicación, distribución, etc. Paris :
Nombre del editor, distribuidor, etc. Ancienne Maison Quantin, Librairies-imprimeries réunies,
Fecha de publicación, distribución, etc. [1893]
300 ## - DESCRIPCIÓN FÍSICA
Extensión 316 p. ;
Dimensiones 21 cm.
490 1# - MENCIÓN DE SERIE
Mención de serie Bibliothèque de l'enseignement des beaux-arts
650 #7 - PUNTO DE ACCESO ADICIONAL DE MATERIA--TÉRMINO DE MATERIA
Término de materia o nombre geográfico como elemento de entrada Arte musulmán
Fuente del encabezamiento o término embne
9 (RLIN) 135624
830 0# - PUNTO DE ACCESO ADICIONAL DE SERIE-TÍTULO UNIFORME
Título uniforme Bibliothèque de l'enseignement des beaux-arts
9 (RLIN) 181140
852 ## - LOCALIZACIÓN
Ubicación ES-MaACL
Número de control de estantería B-2506
Holdings
Estatus retirado Estado de pérdida Estado de daño No para préstamo Colección Biblioteca de origen Biblioteca actual Ubicación en estantería Fecha de adquisición Fuente de adquisición Total de préstamos Signatura topográfica completa Código de barras Visto por última vez Precio de reemplazo Tipo de ítem Koha
        Libros del s. XIX Biblioteca del Ateneo de Madrid Biblioteca del Ateneo de Madrid Sala Pardo Bazán 17/01/2008     B-2506 1071878 23/02/2023 23/02/2023 Libro impreso antiguo